| 000 | 00629na a2200241 4500 | ||
|---|---|---|---|
| 001 | 13094 | ||
| 003 | MIRAKIL | ||
| 005 | 20181213154747.0 | ||
| 008 | 160817b tu 000 0 | ||
| 020 | _a9786054160051 | ||
| 035 | _a13094 | ||
| 040 |
_aMilas _btur _cTR-AnCHP |
||
| 082 |
_a332.042 _bA49s 2009 |
||
| 090 | _a332.042 A49s 2009 | ||
| 100 | _aAkyüz, Yılmaz | ||
| 245 |
_aSermaye bölüşüm büyüme _cYılmaz Akyüz |
||
| 250 | _a3. bs | ||
| 260 |
_aAnkara _bEflatun Yayınevi _c2009 |
||
| 300 |
_a655 s. _bşkl. _c24 sm. |
||
| 504 | _aKaynakça ve dizin var. | ||
| 650 |
_aEkonomi _xFelsefe |
||
| 942 |
_2ddc _cBKS |
||
| 999 |
_c375 _d375 |
||